Countries, US States, Capitals, Elements, 100 Most Common Words: A + B + xy = C #3 - Statistics

General Stats
  • This quiz has been taken 47 times
  • The average score is 28 of 45
Answer Stats
ANSWER % Correct
Get
98%
But
95%
Can
95%
His
95%
His
95%
Spain
95%
Dili
93%
Not
93%
That
93%
Time
93%
Togo
93%
Bern
88%
India
88%
Tonga
88%
Iran
85%
Oman
85%
Radon
66%
Madison
56%
a
51%
Argentina
51%
o
51%
r
51%
Washington
51%
y
51%
Chișinău
49%
g
49%
u
49%
Indianapolis
46%
k
46%
u
46%
a
41%
w
41%
Ytterbium
41%
Baton Rouge
39%
g
39%
i
39%
n
39%
North Dakota
39%
o
39%
Gadolinium
37%
l
37%
n
37%
o
37%
Santo Domingo
37%
u
37%
No matching quizzes found
Score Distribution
Percent of People with Each Score
Percentile by Number Answered
Your Score History
You have not taken this quiz